ECONOMIE PSYCHOLOGIE DANS LA VIE FAMILIALE

Shranjeno v:
Bibliografske podrobnosti
Korporativna značnica: Journees Familiales Internationales ( Roma, Italia)
Format: Procedimiento de la conferencia Knjiga
Teme:
Oznake: Označite
Brez oznak, prvi označite!

MARC

LEADER 00000nam^a2200000^a^4500
001 000233858
005 20250521000000.0
009 20260310104703.753
035 |a 054134 
037 |a Acervo Xavier Clavigero 
082 |a 306. 85  |b JOU 
111 1 |a Journees Familiales Internationales (  |n 1 :  |d 1949 :  |c Roma, Italia) 
245 1 0 |a ECONOMIE PSYCHOLOGIE DANS LA VIE FAMILIALE 
264 |a ROME :  |b UNION INTERNATIONALE DES ORGANISMES FAMILIAUX,  |c 1949 
300 |a 134 p. 
336 |a texto  |b txt  |2 rdacontenido 
337 |a sin mediación  |b n  |2 rdamedio 
338 |a volumen  |b nc  |2 rdasoporte 
649 |a XX 
650 |a Familia 
650 |a Economía Familiar 
910 |a Fondo General 
920 |a Impresos - Libros 
930 |a Colección General 
905 |a 101 
901 |a 054134  |b IT1  |c ACC  |i 054134  |u 20250521 
902 |a https://opac.biblio.iteso.mx/vufind/Record/000233858